Džungľa

Bibliographic Details
Main Author: Crummenerl, Rainer, 1942- (Author)
Other Authors: Krautmann, Milada, 1956- (Illustrator), Žaludová, Runka (Translator)
Format: Book
Language:Slovak
German
PhysicalDescription:57 s. fareb. ilustr. 22 cm
Published: Praha Thovt 2010
ISBN:9788087469019
Series:Prvé čítanie s poučením
Subjects:

MARC

LEADER 00000cam a2200000 a 4500
001 vtls010284935
003 SK-MaSNL
005 20260301031828.0
008 240318s2010 xr a b 000 j slo
015 |a SNBZSA2012-00434 
020 |a 9788087469019  |q (viaz.) 
035 |a 069E064C-BEA9-48E1-8F08-F934BE95C3D4 
035 |a urn:nbn:sk:snk-amji29 
035 |a urn:nbn:sk:snk-am001ylw 
040 |a SNK  |b slo  |c SNK  |e AACR2 
041 1 |a slo  |h ger 
044 |a xr  |c CZ 
072 7 |a 821.112.2-3  |x Nemecká próza, nemecky písaná  |2 konspekt 
072 7 |a 821-93  |x Literatúra pre deti a mládež (beletria)  |2 konspekt 
080 |a 821.112.2-3  |x (0.053.2)  |2 2001 
080 |a 821-93  |2 2001 
080 |a 911.2(253)  |2 2001 
080 |a 581.526.422(213.5)  |2 2001 
100 1 |a Crummenerl, Rainer,  |d 1942-  |4 aut  |9 328003 
240 1 0 |a Dschungel-Wissen (Leselöwen)  |l Slovensky 
245 1 0 |a Džungľa  |c Rainer Crummenerl ; ilustrácie Milada Krautmannová ; [z nemeckého originálu preložila Runka Žaludová] 
260 |a Praha  |b Thovt  |c 2010 
300 |a 57 s.  |b fareb. ilustr.  |c 22 cm 
490 1 |a Prvé čítanie s poučením 
500 |a Za každým príbehom je zaradená informatívna dvojstrana s poučením 
521 1 |a Pre čitateľov od 8 rokov 
650 0 7 |a džungľa  |2 SNKPH  |9 83400 
650 0 7 |a tropické dažďové lesy  |2 SNKPH  |9 81341 
655 7 |a nemecké príbehy  |2 SNKPH  |9 70667 
655 7 |a publikácie pre deti  |2 SNKPH  |9 70148 
655 7 |a German stories  |2 SNKPHeng  |9 315928 
655 7 |a Children's literature  |2 SNKPHeng  |9 276039 
655 7 |a populárno-náučné publikácie  |2 snkph  |9 70460 
700 1 |a Krautmann, Milada,  |d 1956-  |4 ill  |9 62205 
700 1 |a Žaludová, Runka  |4 trl  |9 328004 
830 0 |a Prvé čítanie s poučením  |9 328005 
919 |a 978-80-87469-01-9 
958 |a ZS 
958 |a LX 
958 |a UP 
958 |a DE 
958 |a DB 
999 |c 577385  |d 579315 
952 |a SNK  |b SNK  |y PREZ  |7 0  |p 17A0707857  |o snkSC 146204  |i snk2011/15777  |8 4  |g 4.79  |0 0  |1 0  |4 0  |d 2011-06-30  |l 0  |r 2025-07-15 00:00:00  |w 2026-02-23 
952 |a SNK  |b SNK  |y VYP  |7 0  |p 17A0707856  |o snkSC 146204 D1  |i snk2011/15778  |8 4  |g 4.79  |0 0  |1 0  |4 0  |d 2011-06-30  |f 1  |l 0  |r 2026-02-23 14:38:06  |w 2026-02-23